Spirit and Power: (Record no. 2252)

000 -LEADER
fixed length control field 00771nam a2200193 a 4500
001 - CONTROL NUMBER
control field :::00021120$&:&@@
003 - CONTROL NUMBER IDENTIFIER
control field OkBaRHE
005 - DATE AND TIME OF LATEST TRANSACTION
control field 20100331113032.0
008 - FIXED-LENGTH DATA ELEMENTS--GENERAL INFORMATION
fixed length control field s2006 j 000 0 eng u
040 ## - CATALOGING SOURCE
Transcribing agency
040 ## - CATALOGING SOURCE
Original cataloging agency The Pew Forum on Religion&Public Life
100 1# - MAIN ENTRY--PERSONAL NAME
Personal name Lugo, Luis Director
245 10 - TITLE STATEMENT
Title Spirit and Power:
Remainder of title a 10-country survey of Pentecostals
260 ## - PUBLICATION, DISTRIBUTION, ETC. (IMPRINT)
Place of publication, distribution, etc Washington D.C.
Name of publisher, distributor, etc Pew Research Center
Date of publication, distribution, etc 2006
300 ## - PHYSICAL DESCRIPTION
Extent `p239
650 ## - SUBJECT ADDED ENTRY--TOPICAL TERM
Topical term or geographic name as entry element I Religion a religous practices beliefs Religous Affiliatio II Moral and Social Issues Social and Economic Outlook Political Views Religous Demographiy in to countries
942 ## - ADDED ENTRY ELEMENTS (KOHA)
Source of classification or shelving scheme
Koha item type Books
Copies
Copy number Lost status Withdrawn status Damaged status Shelving location Date last seen Collection code Source of classification or shelving scheme Price effective from Permanent Location Koha item type Date acquired Not for loan Full call number Barcode
1   General Stacks2010-04-14Reference 2010-04-14RHEMA Bible Training CollegeBooks2010-04-14 BX 8762 .L8 200621120